000 00302nam a22001337a 4500
008 180313b xxu||||| |||| 00| 0 eng d
020 _a9780805378092
041 _aeng
080 _29th
_a579
100 _a11
101 _aMIK
245 _aMicrobiology an introduction
_cFunke,B.R
942 _2udc
_cBK
999 _c44823
_d44823